000 00544nam a2200205Ia 4500
003 OSt
005 20230607133012.0
008 210423s2011 xx 000 0 und d
020 _a9788126148233
040 _cAL
041 _aeng
082 _a300.72 KUMQ
100 _aKUMAR (Amit).
_9121453
245 _aQuantitative research methods in social work.
260 _aNew Delhi
_bAnmol Publications
_c2011
300 _a272
_bPB
365 _b995
_cINR
906 _amethods ; Quantitative ; research ; social ; work.
942 _2ddc
_cBK
999 _c176164
_d176164